000 00611nam a2200217Ia 4500
005 20241129111119.0
008 241129s9999||||xx |||||||||||||| ||und||
020 _a978-1-032-58586-4
037 _aTB
040 _aCRL
_beng
_cCRL
041 _aeng
_2eng
084 _aW6 R3
_qCRL
100 _aBeckman Ludvig Au.
_9723365
245 0 _aBoundaries of democracy: theory of inclusion
_cBeckman Ludvig Au.
260 _aLondon, UK
_bRoutledge
_c2023
300 _avii,158p.
365 _aINR
_b995
650 _aPolitical ScienceDemocracy
_9726228
942 _cTB
_hW6 R3
999 _c1228988
_d1228988